U21-Europameister 2017: Kader Deutschland - Statistiken

Allgemein
  • Dieses Quiz wurde 90 mal gespielt
  • Das Durchschnittsergebnis liegt bei 7 aus 24
Antwortstatistiken
Position Verein Einsätze
(Tore)
Name % Korrekt
Tor Panathinaikos 0 Vlachodimos
60%
Tor Kaiserslautern 5 (0) Julian Pollersbeck
58%
Mittelfeld Schalke 5 (1) Max Meyer
58%
Mittelfeld Wolfsburg 5 (0) Maximilian Arnold
49%
Mittelfeld Bremen 5 (1) Serge Gnabry
44%
Mittelfeld Hertha 4 (1) Mitchell Weiser
43%
Abwehr Hertha 4 (0) Niklas Stark
39%
Trainer - - Stefan Kuntz
39%
Sturm Leipzig 4 (2) Davie Selke
36%
Mittelfeld Hoffenheim 4 (1) Nadiem Amiri
29%
Mittelfeld Gladbach 3 (0) Mahmoud Dahoud
25%
Abwehr Hannover 0 Waldemar Anton
25%
Abwehr Wolfsburg 5 (0) Yannick Gerhardt
25%
Sturm Darmstadt 1 (1) Felix Platte
24%
Abwehr Schalke 1 (0) Thilo Kehrer
22%
Abwehr Freiburg 5 (1) Marc Oliver Kempf
21%
Tor Dresden 0 Marvin Schwäbe
19%
Sturm Freiburg 4 (0) Maximilian Philipp
19%
Abwehr Hamburg 4 (0) Gideon Jung
18%
Abwehr Hoffenheim 5 (0) Jeremy Toljan
18%
Mittelfeld Mainz 2 (0) Levin Öztunali
13%
Abwehr Köln 0 Lukas Klünter
10%
Mittelfeld Augsburg 2 (0) Dominik Kohr
7%
Sturm Freiburg 3 (0) Janik Haberer
6%
Keine übereinstimmenden Quizze gefunden
Verteilung der Resultate
Anzahl Personen mit jedem Resultat
Perzentil nach korrekt beantworteten Fragen
Ihre Resultats-Entwicklung
Sie haben dieses Quiz noch nicht gespielt